ARRUPE JESUIT UNIVERSITY

CORONAVIRUS -STOP THE SPREAD - CLEAN,DISINFECT,COVER

Articulating ecstasy: (Record no. 122342)

MARC details
000 -LEADER
fixed length control field 00542nam a22001577a 4500
008 - FIXED-LENGTH DATA ELEMENTS--GENERAL INFORMATION
fixed length control field 150309b xxu||||| |||| 00| 0 eng d
020 ## - INTERNATIONAL STANDARD BOOK NUMBER
International Standard Book Number 0315626593
050 ## - LIBRARY OF CONGRESS CALL NUMBER
Classification number SPC DT1.T45 V872
100 ## - MAIN ENTRY--PERSONAL NAME
Personal name Voaden, Rosalynn Jean
9 (RLIN) 16008
245 ## - TITLE STATEMENT
Title Articulating ecstasy:
Remainder of title image and allegory in the booke of gostlye Grace of mechtild of Hackeborn
Statement of responsibility, etc /by Rosalynn Jean Voaden
260 ## - PUBLICATION, DISTRIBUTION, ETC. (IMPRINT)
Place of publication, distribution, etc Victoria
Name of publisher, distributor, etc University of Victoria
Date of publication, distribution, etc 1990
300 ## - PHYSICAL DESCRIPTION
Extent vii, 114p. ;
Dimensions 28cm.
500 ## - GENERAL NOTE
General note Thesis
650 ## - SUBJECT ADDED ENTRY--TOPICAL TERM
Topical term or geographic name as entry element Mechtild of Hackeborn
9 (RLIN) 16009
942 ## - ADDED ENTRY ELEMENTS (KOHA)
Source of classification or shelving scheme Library of Congress Classification
Item type SPC
Holdings
Withdrawn status Lost status Source of classification or shelving scheme Damaged status Not for loan Collection code Home library Current library Shelving location Date acquired Total Checkouts Full call number Barcode Date last seen Price effective from Koha item type
    Library of Congress Classification     Main Collection ARRUPE LIBRARY ARRUPE LIBRARY Main Collection 09/03/2015   SPC DT1.T45 V872 46500002755 09/03/2015 09/03/2015 SPC

 

Arrupe Library. PO Box MP320 Mt Pleasant, Harare, Zimbabwe
263 242 745411|librarian@aju.ac.zw